| 000 | 00849cam a2200229 4500 | ||
|---|---|---|---|
| 001 | WB3633-32 | ||
| 008 | 000000n2000 000 0 eng u | ||
| 035 | _a(Sirsi) u107943 | ||
| 245 | _aCity centres quick changes | ||
| 260 | _c2000 | ||
| 490 |
_aTimes _v 21 August 2000, 8(1) |
||
| 520 | _aBusinessmen want government to adopt Germany's strategy of shutting city centres and quickly transforming congested areas. Retailers fear that an allocation of £180bn for the reform of transport, if implemented slowly, will cause long-term disruption and discourage business investment in city centres. Table. | ||
| 590 | _aWB | ||
| 650 | _aTRAMWAYS | ||
| 650 | _aGERMANY | ||
| 650 | _aCITY CENTRES | ||
| 650 | _aTRANSPORT STRATEGY | ||
| 650 | _aCONGESTION | ||
| 650 | _aIMPROVEMENTS | ||
| 690 | _aTRANSPORT AND COMMUNICATIONS | ||
| 942 | _n0 | ||
| 999 |
_c64478 _d64478 |
||